LEADER 00933nam a2200217 i 4500 001 000000155233 003 CaOOAMICUS 005 20061104000000.0 008 061104s1944 it u000 u ita u 013 $a132582 040 $aSeMil$bita 245 10$aAtti degli apostoli$c[annotazioni del sacerdote Professore Pietro De Ambroggi ; illustrata ai margini del testo da Nino Strada]. 260 $a[S.l.] :$bEdizioni della conchiglia,$c1944. 300 $a[39] fogli sciolti :$bquasi tutti ill. ;$c33 cm. 500 $aIn custodia. 700 1 $aStrada, Nino.$0(OLS)http://semarc/name/60708 700 1 $aDe Ambroggi, Pietro,$c.$0(OLS)http://semarc/name/28703 850 $aSeMil 852 $aSeMil$W1$xVenegono$y1$m5K X 26$j107070$B107070$CSeMilBibl$Z2$F116440 $8I 996 $6245$aAtti degli apostoli$9(OLS)http://semarc/title/41331 996 $6260$a[S.l.] :$bEdizioni della conchiglia$9(OLS)http://semarc/publisher/48247 LEADER 01119nam a2200241 i 4500 001 000000164155 003 CaOOAMICUS 005 20230505160515.0 008 070905n it u000 u ita u 040 $aSeMil$bita 100 1 $aBracaloni, Leone.$0(OLS)http://semarc/name/39419 245 13$aIl Cantico di Frate Sole :$bcomposto da S. Francesco /$cLeone Bracaloni ; con prefazione di Vittorino Facchinetti. 250 $a2. Ed. migliorata. 264 1$aMilano :$bCircolo di Coltura Francescana,$c[19--?] 300 $aIX, 73 p., [1] c. di tav. ;$c25 cm. 650 4$aFrancesco : d'Assisi . Cantico delle creature.$0(OLS)http://semarc/subject/29189 700 1 $aFacchinetti, Vittorino,$c.$0(OLS)http://semarc/name/12360 850 $aSeMil 852 $aSeMil$W1$xVenegono$y1$m1O IV 231$j240049$B115445$CSeMilBibl$Z2$F126306 $81 961 $aRecupero: Altro 996 $6245$aIl Cantico di Frate Sole :$bcomposto da S. Francesco$9(OLS)http://semarc/title/234189 996 $6264$aMilano :$bCircolo di Coltura Francescana$9(OLS)http://semarc/publisher/39364